Countries With The Most Japanese Speakers - Statistics

General Stats
  • This quiz has been taken 41 times
  • The average score is 21 of 25
Answer Stats
Total Country % Correct
221,560 China
100%
123 mil Japan
100%
119,050 Canada
97%
88,720 South Korea
97%
1.01 mil United States
97%
42,710 Germany
92%
380,500 Philippines
92%
9,250 Russia
92%
73,500 United Kingdom
92%
125,940 Australia
89%
54,880 Indonesia
89%
17,600 Italy
89%
38,700 Mexico
86%
15,440 Spain
86%
1,04 mil Brazil
83%
39,000 France
83%
81,800 Thailand
83%
35,340 Vietnam
83%
96,200 Peru
81%
66,500 Singapore
81%
29,050 Malaysia
78%
20,680 New Zealand
78%
60,400 Argentina
75%
23,110 Chile
75%
8,500 United Arab Emirates
50%
No matching quizzes found
Score Distribution
Percent of People with Each Score
Percentile by Number Answered
Your Score History
You have not taken this quiz